000 00302nam a2200133Ia 4500
008 191201s2004 xx 000 0 und d
100 _aJOHAR, K L
245 0 _aKultar Singh
250 _a1st
260 _aN.Delhi
_bSneh Prakashan
_c2004
300 _a304
650 _aGeneral Books
942 _2ddc
_cBK
999 _c2395
_d2395